| 000 | 00357nam a2200145Ia 4500 | ||
|---|---|---|---|
| 008 | 150201s1994 xx 000 0 und d | ||
| 082 |
_a612.015 _bB1994C |
||
| 100 | _aCHAMPE,PAMELA C. | ||
| 245 | _aBIOCHEMISTRY | ||
| 250 | _a2ND | ||
| 260 |
_bLIPPINCOTT PUBLICATION _aPHILADELPHIA _c1994 |
||
| 300 | _a1-443 | ||
| 650 | _aBIOCHEMISTRY | ||
| 942 |
_2ddc _cBK _02 |
||
| 999 |
_c3649 _d3649 |
||